000 01054nam a22003137a 4500
003 CHAP
005 20220329142712.0
008 021118d1992 mx r 00110 spa d
010 _a86638
011 _a87610
020 _a9688058130
035 _a98154
040 _cCHAP
090 _aFolleto 16528
110 2 _aComisión Nacional de Derechos Humanos. México
_925764
245 1 0 _aProyecto modelo de ley de defensoría de oficio del fuero común
_c/por Comisión Nacional de Derechos Humanos
260 _aMéxico, D.F. :
_bComisión Nacional de Derechos Humanos,
_c1992.
300 _a37 p.
590 _aBATCH-UPD
_b10
_c20130110
_lUCH01
_h1332
590 _aBATCH-UPD
_b10
_c20130410
_lUCH01
_h0836
590 _aBATCH-UPD
_b10
_c20130914
_lUCH01
_h1143
590 _aCONVERSION
_b10
_c20130109
_lUCH01
_h1348
650 1 4 _aDerecho constitucional
_xMéxico.
_931886
650 1 4 _aDerechos humanos.
_931916
901 _aBK
905 _aMayto Villalobos S.
942 _cFOLL
949 _aFolleto 16528
_bBC
_cFOLL
_d33724002003306
_eTS1
_i98154
_sb
999 _c86638
_d86638